MARC

LEADER 00000nam0a2200000 4500
001 68931
005 20231101212420.0
035 |a (RuTPU)RU\TPU\book\73400 
090 |a 68931 
100 |a 20041012d1988 m y0rusy50 ca 
101 0 |a rus 
102 |a RU 
105 |a a z 000gy 
200 1 |a Стихотворения и поэмы  |f С. А. Есенин 
210 |a Ярославль  |c Верхне-Волжское книжное изд-во  |d 1988 
215 |a 383 с.  |c ил. 
225 1 |a Сельская библиотека Нечерноземья 
327 0 |9 570  |a Содерж.: Стихотворения; Поэмы: Пугачев; Ленин: ( Отрывок из поэмы "Гуляй-поле"); Песнь о великом походе; Анна Снегина 
610 1 |a стихотворения 
610 1 |a поэмы 
610 1 |a поэзия 
610 1 |a поэты 
675 |a Р2  |v 3 
700 1 |a Есенин  |b С. А.  |c русский поэт  |f 1895-1925  |g Сергей Александрович  |2 stltpush  |3 (RuTPU)RU\TPU\pers\169  |9 91 
801 1 |a RU  |b 63413507  |c 20041012  |g PSBO 
801 2 |a RU  |b 63413507  |c 20150912  |g PSBO 
942 |c BK